Les pluriels en -aux - Mort subite - Statistiques

Statistiques générales
  • Ce quiz a été pris 214 fois
  • Le résultat moyen est 7 sur 16
Answers on the Grid
Answers color-coded by a green-red scale on the quiz's grid according to % correct below.
Chacal
Cheval
Gouvernail
Vitrail
Festival
Naval
Canal
Journal
Bal
Corail
Poitrail
Confessionnal
Soupirail
Travail
Récital
Régal
Boyau
Bail
Étal
Littoral
Carnaval
Landau
Aval
Émail
Mal
Chenal
Bétail
Chandail
Tuyau
Noyau
 
Statistiques - réponses
Réponse % Correct
Cheval
92%
Vitrail
72%
Canal
70%
Journal
67%
Corail
61%
Travail
61%
Littoral
50%
Noyau
46%
Boyau
45%
Tuyau
44%
Mal
41%
Bail
35%
Chenal
18%
Soupirail
18%
Émail
16%
Confessionnal
12%
Aucun quiz correspondant
Distribution des résultats
% des personnes avec chaque résultat
Percentile par nombre de réponses
Votre historique - résultats
Vous n’avez pas pris ce quiz